000 01033nam a2200277 a 4500
001 921
003 BR-CuiBMT
005 20231123004251.0
008 231122s2008 spba 000 0 por d
020 _a9788575162637
040 _aBR-CuiBMT
_cBR-CuiBMT
080 _22007
_a658:001.101
090 _a658:001.101
_bA654
245 0 0 _aAprendizagem e gestão do conhecimento :
_bfundamentos teóricos e experiência práticas /
_cCândido Ferreira da Silva Filho, Gideon Carvalho de Benedito,organizadores ; [autores Antonio Carlos Diegues ... etal.].
260 _aSão Paulo :
_bAlínea,
_c2008.
300 _a160 p. :
_bil. ;
_c21 cm
500 _aVários autores.
504 _aInclui bibliografia.
650 _aGestão do conhecimento
650 _aAdministraçãode empresas
_xGestão do conhecimento
650 _aAprendizagem organizacional
700 1 _aSilva Filho, Cândido Ferreira da
_4org.
700 1 _aBenedito, Gideon Carvalho de
_4org.
700 1 _aDiegues, Antonio Carlos
_eet al.
_eautores
942 _2udc
_cLV
999 _c921
_d921